Haunting Echoes in the Fog of History: (Record no. 192295)

MARC details
000 -LEADER
fixed length control field 00599nam a22001817a 4500
005 - DATE AND TIME OF LATEST TRANSACTION
control field 20220927114704.0
010 ## - LCCN (DPL NO)
LC control number ENG-135099
020 ## - INTERNATIONAL STANDARD BOOK NUMBER
International Standard Book Number 9788172653050
Terms of availability 200.00
035 ## - SYSTEM CONTROL NUMBER
System control number EN-118631
037 ## - SOURCE OF ACQUISITION
Source of stock number/acquisition DBAD/PUB
082 ## - DEWEY DECIMAL CLASSIFICATION NUMBER
Classification number 491.2
100 ## - MAIN ENTRY--PERSONAL NAME
Personal name Savkar S.D.
245 ## - TITLE STATEMENT
Title Haunting Echoes in the Fog of History:
Statement of responsibility, etc by Sudhir D. Savkar
Remainder of title Evolution of Sanskrit and its Derivatives
260 ## - PUBLICATION, DISTRIBUTION, ETC. (IMPRINT)
Place of publication, distribution, etc Pune
Name of publisher, distributor, etc Snehavardhan Publishing House
Date of publication, distribution, etc 2009
270 ## - ADDRESS
Address 863, Sadashiv Peth, Behind Mahatma Phule Sabhagruh
City Pune
Postal code 411030
300 ## - PHYSICAL DESCRIPTION
Extent 76p.
Dimensions 27cm(hb)
942 ## - ADDED ENTRY ELEMENTS (KOHA)
Source of classification or shelving scheme Dewey Decimal Classification
Item type English Books
Classification part 491.2
Call number suffix SAV
Holdings
Withdrawn status Lost status Not for loan Collection code Home library Current library Date acquired Source of acquisition Cost, normal purchase price Full call number Barcode Copy number Cost, replacement price Koha item type
    Not For Loan Non-fiction Bawana Bawana 16/09/2022 DBAD/PUB 200.00 491.2 SAV EN-118631 1 200.00 English Books

© Delhi Public Library
Hit Counter
free hit counter